[Event "Copenhagen Ch"]
[Site "Copenhagen"]
[Date "2003.02.12"]
[Round "7"]
[White "Christensen, Bo Garner"]
[Black "Lund, Silas"]
[Result "1-0"]
[WhiteElo "2201"]
[BlackElo "2306"]
[PlyCount "69"]
[EventDate "2003.02.07"]
[EventType "swiss"]
[EventRounds "9"]
[EventCountry "DEN"]

1. e4 e6 2. Nf3 d5 3. e5 Bd7 4. a3 f6 5. d4 c5 6. c3 Nc6 7. Bd3 Qc7 8. Bf4
O-O-O 9. Nbd2 h6 10. Bg3 f5 11. h4 Be8 12. h5 Qb6 13. Qc1 cxd4 14. cxd4 Kb8 15.
Qc3 Rc8 16. Qb3 Nxd4 17. Qxb6 Nxf3+ 18. Nxf3 axb6 19. Nd4 Bd7 20. Bxf5 Ne7 21.
Bxe6 Bxe6 22. Nxe6 Nf5 23. Bf4 Rc6 24. g4 Nh4 25. Rxh4 Rxe6 26. Rh3 Be7 27. Rd3
Rf8 28. Bg3 g5 29. Rxd5 Rf3 30. O-O-O Kc7 31. R1d3 Kc6 32. b4 Rxd3 33. Rxd3 Kb5
34. Kd2 Kc6 35. Ke3 1-0

[Event "Copenhagen Ch"]
[Site "Copenhagen"]
[Date "2003.02.13"]
[Round "8"]
[White "Christensen, Bo Garner"]
[Black "Paaske, Asger"]
[Result "1/2-1/2"]
[WhiteElo "2201"]
[BlackElo "2117"]
[PlyCount "91"]
[EventDate "2003.02.07"]
[EventType "swiss"]
[EventRounds "9"]
[EventCountry "DEN"]

1. e4 c5 2. Nf3 Nc6 3. d4 cxd4 4. Nxd4 Nf6 5. Nc3 e5 6. Ndb5 d6 7. Bg5 a6 8.
Bxf6 gxf6 9. Na3 f5 10. Bc4 Rb8 11. Qh5 Qf6 12. O-O b5 13. Bd5 Ne7 14. b4 f4
15. Rad1 Rg8 16. Qf3 Bg4 17. Qd3 Qg5 18. g3 Bxd1 19. Rxd1 h5 20. Bb3 Rg6 21.
Naxb5 axb5 22. Nxb5 Nc8 23. Qc4 Qe7 24. a4 h4 25. Kg2 Bh6 26. a5 hxg3 27. hxg3
Kf8 28. Nc7 fxg3 29. fxg3 Bf4 30. Rd3 Kg7 31. Nd5 Qd7 32. a6 Nb6 33. Qc7 Qxc7
34. Nxc7 Rc8 35. Nd5 Nxd5 36. Bxd5 Rxc2+ 37. Kh3 Rh6+ 38. Kg4 Rg6+ 39. Kh3 Rh6+
40. Kg4 Rg2 41. a7 Rg6+ 42. Kh3 R2xg3+ 43. Rxg3 Rxg3+ 44. Kh4 Ra3 45. a8=Q Rxa8
46. Bxa8 1/2-1/2

[Event "Copenhagen Ch"]
[Site "Copenhagen"]
[Date "2003.02.08"]
[Round "2"]
[White "Christensen, Bo Garner"]
[Black "Hansen, Lars Henrik Bech"]
[Result "1-0"]
[WhiteElo "2201"]
[BlackElo "2087"]
[PlyCount "83"]
[EventDate "2003.02.07"]
[EventType "swiss"]
[EventRounds "9"]
[EventCountry "DEN"]

1. e4 c5 2. d4 cxd4 3. c3 e6 4. cxd4 d5 5. e5 Nc6 6. Nf3 Qb6 7. Nc3 Bd7 8. a3
Nge7 9. b4 Nf5 10. Be3 Nxe3 11. fxe3 Be7 12. Na4 Qc7 13. Rc1 a6 14. Bd3 O-O 15.
O-O b5 16. Nc5 Bxc5 17. Rxc5 Qd8 18. Qc2 g6 19. Rxc6 Bxc6 20. Qxc6 Qb8 21. Qc2
Rc8 22. Qf2 Rc3 23. Ng5 Ra7 24. Qh4 h5 25. Bb1 Rac7 26. Bxg6 fxg6 27. Nxe6 Rc1
28. Nxc7 Rxf1+ 29. Kxf1 Qxc7 30. Qf4 Qc1+ 31. Kf2 Qxa3 32. e6 Qxb4 33. Qf7+ Kh8
34. Qf6+ Kh7 35. e7 Qd2+ 36. Kf3 Qd1+ 37. Kf4 Qg1 38. Qf7+ Kh6 39. e8=Q Qf2+
40. Ke5 Qxe3+ 41. Kd6 Qa3+ 42. Kd7 1-0

[Event "Copenhagen Ch"]
[Site "Copenhagen"]
[Date "2003.02.09"]
[Round "4"]
[White "Christensen, Bo Garner"]
[Black "Schidt, Niels Christian"]
[Result "1-0"]
[WhiteElo "2201"]
[BlackElo "2054"]
[PlyCount "73"]
[EventDate "2003.02.07"]
[EventType "swiss"]
[EventRounds "9"]
[EventCountry "DEN"]

1. e4 g6 2. d4 Bg7 3. Nf3 c6 4. c4 d5 5. cxd5 cxd5 6. e5 Bg4 7. Nc3 Nc6 8. Be3
Nh6 9. Qb3 Bxf3 10. gxf3 O-O 11. Qxb7 Rc8 12. Rd1 e6 13. h4 Nf5 14. h5 f6 15.
hxg6 hxg6 16. f4 fxe5 17. dxe5 Rf7 18. Qa6 d4 19. Bc4 Qe8 20. Ne4 dxe3 21. Ng5
exf2+ 22. Kxf2 Re7 23. Rd6 Ncd4 24. Rc1 Nxd6 25. exd6 Rc6 26. Qa3 Rxc4 27. Rxc4
Rd7 28. Rc7 Nf5 29. Qa4 Rd8 30. Qxe8+ Rxe8 31. d7 Bd4+ 32. Ke1 Kf8 33. Rc8 Nd6
34. Nxe6+ Ke7 35. dxe8=Q+ Nxe8 36. Rxe8+ Kxe8 37. Nxd4 1-0

[Event "Copenhagen Ch"]
[Site "Copenhagen"]
[Date "2003.02.09"]
[Round "4"]
[White "Christensen, Esben"]
[Black "Pilgaard, Kim"]
[Result "0-1"]
[WhiteElo "2127"]
[BlackElo "2437"]
[PlyCount "56"]
[EventDate "2003.02.07"]
[EventType "swiss"]
[EventRounds "9"]
[EventCountry "DEN"]

1. e4 e5 2. Nf3 Nc6 3. Bc4 Nf6 4. d3 Be7 5. c3 O-O 6. Nbd2 d6 7. h3 Na5 8. Bb5
a6 9. Ba4 c5 10. Bc2 Nc6 11. Nf1 d5 12. Ng3 h6 13. O-O Be6 14. Nh2 Qb6 15. Qf3
Rad8 16. Nf5 Bxf5 17. Qxf5 d4 18. Ng4 Nxg4 19. Qxg4 Rd6 20. Kh1 Rg6 21. Qh5 Bg5
22. Bb3 Kh7 23. Bxf7 Rxf7 24. Bxg5 Qxb2 25. Bh4 dxc3 26. a4 c2 27. Rfc1 Qc3 28.
Ra2 Nb4 0-1

[Event "Copenhagen Ch"]
[Site "Copenhagen"]
[Date "2003.02.13"]
[Round "8"]
[White "Christensen, Esben"]
[Black "Olsen, Miriam Frida"]
[Result "0-1"]
[WhiteElo "2127"]
[BlackElo "1895"]
[PlyCount "80"]
[EventDate "2003.02.07"]
[EventType "swiss"]
[EventRounds "9"]
[EventCountry "DEN"]

1. e4 c5 2. Nf3 Nc6 3. d4 cxd4 4. Nxd4 e5 5. Nb5 d6 6. a4 a6 7. N5c3 Be6 8. Na3
Rc8 9. Bc4 Be7 10. O-O Nf6 11. Bg5 O-O 12. Bxf6 Bxf6 13. Nd5 Bg5 14. c3 Ne7 15.
Re1 Nxd5 16. Bxd5 Qe7 17. Qd3 Rfd8 18. Rad1 Bxd5 19. Qxd5 Rc5 20. Qd3 Qe6 21.
g3 g6 22. c4 Kg7 23. Qf3 Rc7 24. Rd3 f5 25. Red1 Be7 26. Rb3 Rf8 27. Kg2 h5 28.
exf5 Qxf5 29. Qe2 Qd7 30. Rb4 Qf5 31. Rb3 Qd7 32. Rb4 Qf5 33. Rd5 h4 34. h3
hxg3 35. fxg3 Rh8 36. Rb3 Qxh3+ 37. Kf2 Qh1 38. Ke3 Rh2 39. Qg4 Qe1+ 40. Kd3
Rd2+ 0-1

[Event "Copenhagen Ch"]
[Site "Copenhagen"]
[Date "2003.02.09"]
[Round "3"]
[White "Christensen, Esben"]
[Black "Skjoldan, Benjamin"]
[Result "1-0"]
[WhiteElo "2127"]
[BlackElo "2091"]
[PlyCount "69"]
[EventDate "2003.02.07"]
[EventType "swiss"]
[EventRounds "9"]
[EventCountry "DEN"]

1. e4 c5 2. Nf3 Nc6 3. d4 cxd4 4. Nxd4 Nf6 5. Nc3 e5 6. Ndb5 d6 7. a4 Be6 8.
Bg5 a6 9. Na3 Be7 10. Bxf6 Bxf6 11. Nd5 Bxd5 12. Qxd5 Qa5+ 13. Qxa5 Nxa5 14. g3
Rc8 15. Rd1 Be7 16. Rd5 Rc5 17. b4 Rc3 18. Nb1 Rxc2 19. bxa5 Ra2 20. Bg2 Rxa4
21. O-O O-O 22. Rc1 Bd8 23. Rxd6 Bxa5 24. Nd2 Rd4 25. Rxd4 exd4 26. Nb3 Bc3 27.
Nc5 a5 28. Bf1 Rb8 29. Bb5 g6 30. Kf1 f5 31. e5 b6 32. Nd7 Rb7 33. e6 Bb4 34.
Ke2 Ra7 35. Rc4 1-0

[Event "Copenhagen Ch"]
[Site "Copenhagen"]
[Date "2003.02.11"]
[Round "6"]
[White "Christensen, Esben"]
[Black "Busk, Casper"]
[Result "1/2-1/2"]
[WhiteElo "2127"]
[BlackElo "2076"]
[PlyCount "82"]
[EventDate "2003.02.07"]
[EventType "swiss"]
[EventRounds "9"]
[EventCountry "DEN"]

1. e4 c5 2. Nf3 d6 3. d4 cxd4 4. Nxd4 Nf6 5. Nc3 a6 6. a4 e5 7. Nb3 Be6 8. Bg5
Nbd7 9. Nd5 Bxd5 10. exd5 Be7 11. Be3 O-O 12. a5 Qc7 13. Be2 Rac8 14. c3 Rfe8
15. O-O Bf8 16. Ra4 g6 17. f4 b5 18. axb6 Nxb6 19. Bxb6 Qxb6+ 20. Kh1 a5 21.
fxe5 dxe5 22. d6 Nd7 23. Bc4 Rxc4 24. Rxc4 Re6 25. Re4 Rxd6 26. Qc2 f5 27. Re2
a4 28. Nd2 Qb5 29. Nf3 Rd3 30. Ra1 a3 31. c4 axb2 32. Rb1 Qb3 33. Qxb3 Rxb3 34.
Rbxb2 Rc3 35. Rec2 Rd3 36. Rd2 e4 37. Rxd3 exd3 38. Rd2 Nc5 39. Ne5 Bh6 40.
Rxd3 Nxd3 41. Nxd3 Kf7 1/2-1/2

[Event "Copenhagen Ch"]
[Site "Copenhagen"]
[Date "2003.02.07"]
[Round "1"]
[White "Dogru, Latif"]
[Black "Olsen, Miriam Frida"]
[Result "0-1"]
[WhiteElo "1323"]
[BlackElo "1895"]
[PlyCount "66"]
[EventDate "2003.02.07"]
[EventType "swiss"]
[EventRounds "9"]
[EventCountry "DEN"]

1. d4 Nf6 2. c4 c5 3. d5 e5 4. Nc3 d6 5. e4 Be7 6. Nf3 Nbd7 7. Be2 a6 8. a4 O-O
9. O-O Ne8 10. Be3 g6 11. Qd2 Ng7 12. Bh6 Nf6 13. h3 Kh8 14. Rad1 Ng8 15. Bxg7+
Kxg7 16. b3 f5 17. Nxe5 dxe5 18. d6 Bg5 19. f4 Bxf4 20. Rxf4 exf4 21. Nd5 Nf6
22. Qc3 fxe4 23. d7 Bxd7 24. Nxf6 Qxf6 25. Rxd7+ Rf7 26. Qxf6+ Kxf6 27. Rd5 Rc7
28. Bg4 h5 29. Rd6+ Ke7 30. Re6+ Kf7 31. Rxe4 hxg4 32. Rxf4+ Kg7 33. Rxg4 Rd8
0-1

[Event "Copenhagen Ch"]
[Site "Copenhagen"]
[Date "2003.02.13"]
[Round "8"]
[White "Dogru, Latif"]
[Black "Moller, Frederik Oest"]
[Result "0-1"]
[WhiteElo "1323"]
[BlackElo "1593"]
[PlyCount "50"]
[EventDate "2003.02.07"]
[EventType "swiss"]
[EventRounds "9"]
[EventCountry "DEN"]

1. d4 d5 2. c4 e6 3. Nf3 Nf6 4. Nc3 Nbd7 5. e3 Be7 6. Bd2 O-O 7. c5 c6 8. Bd3
Re8 9. O-O Qc7 10. Qc2 Nf8 11. b4 Bd7 12. a4 b6 13. cxb6 axb6 14. b5 c5 15.
dxc5 Bxc5 16. Rfc1 Rec8 17. Ne2 Qd6 18. Qb3 e5 19. Bb1 Bg4 20. Kh1 e4 21. Nfd4
Bxe2 22. Nxe2 Ng4 23. g3 Qf6 24. Nf4 Qxa1 25. Rxc5 Rxc5 0-1

[Event "Copenhagen Ch"]
[Site "Copenhagen"]
[Date "2003.02.09"]
[Round "3"]
[White "Dogru, Latif"]
[Black "Hansen, Alexei"]
[Result "1/2-1/2"]
[WhiteElo "1323"]
[BlackElo "1652"]
[PlyCount "31"]
[EventDate "2003.02.07"]
[EventType "swiss"]
[EventRounds "9"]
[EventCountry "DEN"]

1. e4 c5 2. Nf3 d6 3. d4 cxd4 4. Nxd4 Nf6 5. Nc3 g6 6. f3 Bg7 7. Be3 O-O 8. Qd2
Nc6 9. O-O-O Nxd4 10. Bxd4 Be6 11. Kb1 Qc7 12. Nd5 Bxd5 13. exd5 Rfc8 14. c3
Qa5 15. c4 Qc7 16. g4 1/2-1/2

[Event "Copenhagen Ch"]
[Site "Copenhagen"]
[Date "2003.02.10"]
[Round "5"]
[White "Dogru, Latif"]
[Black "Jensen, Alexander Lindberg"]
[Result "0-1"]
[WhiteElo "1323"]
[BlackElo "1561"]
[PlyCount "84"]
[EventDate "2003.02.07"]
[EventType "swiss"]
[EventRounds "9"]
[EventCountry "DEN"]

1. e4 e5 2. Nf3 Nc6 3. Bb5 d6 4. d4 exd4 5. Nxd4 Bd7 6. O-O Ne5 7. Bxd7+ Qxd7
8. Nc3 Be7 9. f4 Nc6 10. Nd5 Nf6 11. Nf5 O-O 12. Ndxe7+ Nxe7 13. e5 Qxf5 14.
exf6 Qxf6 15. Qg4 Nc6 16. c3 Rfe8 17. Bd2 Re4 18. Rae1 Qe6 19. f5 Rxg4 20. fxe6
f6 21. Rf4 Rxf4 22. Bxf4 Re8 23. c4 Ne5 24. c5 Nd3 25. Re4 Nxf4 26. Rxf4 Rxe6
27. cxd6 Rxd6 28. Rf2 Rd1+ 29. Rf1 Rxf1+ 30. Kxf1 Kf7 31. Kf2 Ke6 32. Ke3 Ke5
33. g3 c5 34. b3 b5 35. Kd3 Kd5 36. a3 c4+ 37. bxc4+ bxc4+ 38. Kc3 Kc5 39. h4
g6 40. g4 h5 41. g5 fxg5 42. hxg5 h4 0-1

[Event "Copenhagen Ch"]
[Site "Copenhagen"]
[Date "2003.02.11"]
[Round "6"]
[White "Drger, Michael"]
[Black "Sandbech, Ted"]
[Result "1-0"]
[WhiteElo "1568"]
[BlackElo "1519"]
[PlyCount "144"]
[EventDate "2003.02.07"]
[EventType "swiss"]
[EventRounds "9"]
[EventCountry "DEN"]

1. e4 d5 2. exd5 Qxd5 3. Nc3 Qa5 4. d4 c6 5. Bd3 Nf6 6. Bd2 Qc7 7. Nge2 Bg4 8.
f3 Bh5 9. Bf4 Qd8 10. Qd2 e6 11. a3 Be7 12. g4 Bg6 13. O-O-O Bxd3 14. Qxd3 Nbd7
15. Rhe1 Qa5 16. Ne4 Nxe4 17. fxe4 Bg5 18. Kb1 Bxf4 19. Nxf4 O-O 20. e5 Rfd8
21. Re3 g6 22. Qe2 b5 23. h4 b4 24. axb4 Qxb4 25. Rb3 Qe7 26. g5 Rdb8 27. Qc4
Rxb3 28. Qxb3 Rb8 29. Qa4 Qb4 30. Qxb4 Rxb4 31. c3 Rb8 32. Kc2 Nb6 33. b3 Rb7
34. c4 Kf8 35. c5 Nd5 36. Nxd5 exd5 37. Rf1 Ke7 38. Rf6 Rc7 39. b4 Rc8 40. Kb3
Rc7 41. Ka4 Kd8 42. Ka5 Kc8 43. Ka6 Kb8 44. b5 cxb5 45. Kxb5 Kc8 46. Rd6 Rb7+
47. Ka6 Rb2 48. Kxa7 Kc7 49. Ka6 Rh2 50. Rxd5 Rxh4 51. Rd6 Rf4 52. e6 fxe6 53.
Rxe6 Rxd4 54. Kb5 Kd7 55. Rf6 Rh4 56. c6+ Kc7 57. Rf7+ Kc8 58. Kb6 Rb4+ 59. Kc5
Rh4 60. Re7 Rh1 61. Kd6 Rh2 62. Rc7+ Kd8 63. Rd7+ Kc8 64. Ke6 Rc2 65. Rxh7
Rxc6+ 66. Kf7 Kd7 67. Rg7 Kd8 68. Rg8+ Kd7 69. Rxg6 Rc1 70. Rf6 Kd8 71. g6 Rc7+
72. Kf8 Rf7+ 1-0

[Event "Copenhagen Ch"]
[Site "Copenhagen"]
[Date "2003.02.08"]
[Round "2"]
[White "Drger, Michael"]
[Black "Zachariassen, John"]
[Result "1-0"]
[WhiteElo "1568"]
[BlackElo "1856"]
[PlyCount "87"]
[EventDate "2003.02.07"]
[EventType "swiss"]
[EventRounds "9"]
[EventCountry "DEN"]

1. e4 c5 2. Nf3 d6 3. d4 cxd4 4. Nxd4 Nf6 5. Nc3 g6 6. Be2 Bg7 7. Be3 Nbd7 8.
h3 a6 9. Qd2 h6 10. f4 b5 11. Nc6 Qc7 12. Bf3 Bb7 13. Nb4 Rc8 14. O-O-O Nb6 15.
Bd4 Nc4 16. Qe2 e5 17. Ncd5 Nxd5 18. exd5 O-O 19. Bc3 Rfe8 20. Qd3 f5 21. fxe5
Nxe5 22. Bxe5 Bxe5 23. Nc6 Bf6 24. Rhe1 Qg7 25. c3 Bh4 26. Rxe8+ Rxe8 27. Nd4
Rc8 28. Kb1 Qe5 29. Nc6 Qf4 30. Qe2 Rc7 31. Qe8+ Kg7 32. Nd4 Bc8 33. Qxc8 Rxc8
34. Ne6+ Kf6 35. Nxf4 Bg3 36. Ne2 Be5 37. g4 f4 38. h4 a5 39. Nd4 b4 40. cxb4
axb4 41. Nc6 b3 42. axb3 h5 43. g5+ Kf5 44. Ne7# 1-0

[Event "Copenhagen Ch"]
[Site "Copenhagen"]
[Date "2003.02.09"]
[Round "4"]
[White "Drger, Michael"]
[Black "Hansen, Alexei"]
[Result "0-1"]
[WhiteElo "1568"]
[BlackElo "1652"]
[PlyCount "64"]
[EventDate "2003.02.07"]
[EventType "swiss"]
[EventRounds "9"]
[EventCountry "DEN"]

1. e4 c5 2. Nf3 d6 3. d4 cxd4 4. Nxd4 Nf6 5. Nc3 g6 6. Be2 Bg7 7. Be3 O-O 8.
Qd2 Nc6 9. h3 Nxd4 10. Bxd4 Be6 11. O-O Qa5 12. Rad1 Rfc8 13. a3 Nd7 14. Bxg7
Kxg7 15. f4 Kg8 16. Kh1 a6 17. f5 Bc4 18. fxg6 hxg6 19. Bxc4 Rxc4 20. Qe2 Rac8
21. Nd5 Qd8 22. c3 Ne5 23. Qe3 R4c6 24. Qg5 f6 25. Qg3 Kf7 26. Ne3 Qh8 27. Rd4
Qh5 28. Qf4 Rh8 29. Nd5 Qh4 30. Qd2 Qg3 31. Nf4 Ng4 32. Qe2 Qh2# 0-1

[Event "Copenhagen Ch"]
[Site "Copenhagen"]
[Date "2003.02.13"]
[Round "8"]
[White "Drger, Michael"]
[Black "Nielsen, Michael B"]
[Result "1/2-1/2"]
[WhiteElo "1568"]
[BlackElo "1250"]
[PlyCount "67"]
[EventDate "2003.02.07"]
[EventType "swiss"]
[EventRounds "9"]
[EventCountry "DEN"]

1. e4 e5 2. Nf3 Nc6 3. d4 exd4 4. Bc4 Nf6 5. O-O Nxe4 6. Re1 d5 7. Bxd5 Qxd5 8.
Nc3 Qh5 9. Nxe4 Be7 10. Ng3 Qd5 11. Bg5 f6 12. c4 Qxc4 13. Rc1 Qd5 14. Be3 Bg4
15. Qd2 Bxf3 16. gxf3 Ne5 17. Kf1 Nxf3 18. Qxd4 Nxd4 19. Bxd4 Qxd4 20. Rxe7+
Kd8 21. Rxg7 Qd3+ 22. Kg1 Re8 23. Rcxc7 Re1+ 24. Kg2 Qd5+ 25. Kh3 f5 26. Rxh7
Rg1 27. Rcf7 Qg2+ 28. Kh4 Qxh2+ 29. Kg5 Rxg3+ 30. fxg3 Qxg3+ 31. Kf6 Qd6+ 32.
Kxf5 Qd5+ 33. Kf6 Qd6+ 34. Kf5 1/2-1/2

[Event "Copenhagen Ch"]
[Site "Copenhagen"]
[Date "2003.02.10"]
[Round "5"]
[White "Hansen, Alexei"]
[Black "Jensen, Jannick"]
[Result "0-1"]
[WhiteElo "1652"]
[BlackElo "2013"]
[PlyCount "50"]
[EventDate "2003.02.07"]
[EventType "swiss"]
[EventRounds "9"]
[EventCountry "DEN"]

1. e4 c5 2. Nf3 d6 3. d4 cxd4 4. Nxd4 Nf6 5. Nc3 a6 6. Rg1 e5 7. Nf5 Bxf5 8.
exf5 d5 9. Qe2 Nc6 10. g4 Bb4 11. Bd2 Qa5 12. Bg2 O-O-O 13. Kf1 e4 14. Nb1 Nd4
15. Qd1 Qb5+ 16. Ke1 Rhe8 17. c3 Nf3+ 18. Bxf3 exf3+ 19. Be3 d4 20. cxb4 dxe3
21. Qc2+ Kb8 22. Nc3 Qxb4 23. fxe3 Rxe3+ 24. Kf2 Qd4 25. Rgd1 Re2+ 0-1

[Event "Copenhagen Ch"]
[Site "Copenhagen"]
[Date "2003.02.08"]
[Round "2"]
[White "Hansen, Alexei"]
[Black "Nielsen, Michael B"]
[Result "0-1"]
[WhiteElo "1652"]
[BlackElo "1250"]
[PlyCount "62"]
[EventDate "2003.02.07"]
[EventType "swiss"]
[EventRounds "9"]
[EventCountry "DEN"]

1. e4 e5 2. Nf3 Nc6 3. Bb5 a6 4. Ba4 d6 5. O-O Bg4 6. c3 b5 7. Bc2 Nf6 8. d3
Be7 9. Nbd2 O-O 10. Re1 Nd7 11. h3 Bh5 12. Nf1 Kh8 13. Ng3 Bg6 14. Nh2 Bh4 15.
Nhf1 f5 16. exf5 Bxf5 17. Qf3 Ne7 18. Qh5 Bxg3 19. Nxg3 Bg6 20. Qe2 Nd5 21. Qd1
Qf6 22. f3 Qh4 23. Ne4 Nf4 24. Be3 Nxh3+ 25. gxh3 Bxe4 26. fxe4 Qg3+ 27. Kh1
Qxh3+ 28. Kg1 Qg3+ 29. Kh1 Qh3+ 30. Kg1 Rf3 31. Bf2 Raf8 0-1

[Event "Copenhagen Ch"]
[Site "Copenhagen"]
[Date "2003.02.12"]
[Round "7"]
[White "Hansen, Alexei"]
[Black "Ohayv, Nikolaj"]
[Result "1-0"]
[WhiteElo "1652"]
[BlackElo "1704"]
[PlyCount "105"]
[EventDate "2003.02.07"]
[EventType "swiss"]
[EventRounds "9"]
[EventCountry "DEN"]

1. e4 e5 2. Nf3 Nc6 3. Bb5 a6 4. Ba4 Nf6 5. O-O d6 6. c3 Be7 7. Re1 O-O 8. d4
exd4 9. cxd4 Bg4 10. Qd3 b5 11. Bd1 h6 12. Nbd2 Nh5 13. Nf1 f5 14. h3 Bxf3 15.
Bxf3 Nf6 16. e5 Ne4 17. Bxe4 fxe4 18. Qxe4 d5 19. Qg4 Kh7 20. Ng3 Qe8 21. Be3
Nb4 22. Rec1 Rc8 23. Nf5 Qf7 24. Nxe7 Qxe7 25. a3 Nd3 26. Rc2 c5 27. Rd1 c4 28.
Rxd3 b4 29. axb4 cxd3 30. Rxc8 Qxb4 31. Rxf8 Qxf8 32. Qf3 Qb4 33. Qf5+ Kg8 34.
Qxd3 Qxb2 35. Qxa6 Qb1+ 36. Kh2 Qb8 37. Qe6+ Kh7 38. Qxd5 h5 39. Qd6 Qe8 40. h4
Qf7 41. d5 Qf5 42. Qe6 Qe4 43. g3 Qf3 44. d6 g5 45. hxg5 h4 46. gxh4 Kh8 47.
Qf6+ Kg8 48. Qg6+ Kh8 49. Qf6+ Qxf6 50. exf6 Kg8 51. g6 Kf8 52. d7 Kg8 53.
d8=Q# 1-0

[Event "Copenhagen Ch"]
[Site "Copenhagen"]
[Date "2003.02.07"]
[Round "1"]
[White "Hansen, Alexei"]
[Black "Christensen, Esben"]
[Result "0-1"]
[WhiteElo "1652"]
[BlackElo "2127"]
[PlyCount "80"]
[EventDate "2003.02.07"]
[EventType "swiss"]
[EventRounds "9"]
[EventCountry "DEN"]

1. e4 c5 2. Nf3 e6 3. d4 cxd4 4. Nxd4 Nf6 5. Nc3 d6 6. Be3 a6 7. f4 Qc7 8. Qf3
Nc6 9. O-O-O Rb8 10. g4 b5 11. g5 Nd7 12. Nxc6 Qxc6 13. Ba7 Rb7 14. Bd4 Rc7 15.
Rd2 b4 16. Nd1 Bb7 17. Bg2 e5 18. Be3 exf4 19. Bxf4 Ne5 20. Qg3 Be7 21. Bxe5
dxe5 22. Qxe5 O-O 23. h4 Re8 24. Qf4 Bc5 25. e5 Qe6 26. Kb1 Bxg2 27. Rxg2 Qxe5
28. Qf3 Qe4 29. Qg3 Bd6 30. Qf2 Rec8 31. Re1 Rxc2 32. Qxc2 Rxc2 33. Rxe4 Rxg2
34. Kc1 g6 35. Rd4 Bf8 36. Ne3 Rg1+ 37. Kc2 h6 38. Ng4 hxg5 39. hxg5 Kg7 40.
Re4 Bd6 $138 0-1

[Event "Copenhagen Ch"]
[Site "Copenhagen"]
[Date "2003.02.10"]
[Round "5"]
[White "Hansen, Flemming Haupt"]
[Black "Skjoldan, Benjamin"]
[Result "0-1"]
[WhiteElo "2150"]
[BlackElo "2091"]
[PlyCount "104"]
[EventDate "2003.02.07"]
[EventType "swiss"]
[EventRounds "9"]
[EventCountry "DEN"]

1. e4 c5 2. Nf3 Nc6 3. d4 cxd4 4. Nxd4 Nf6 5. Nc3 e5 6. Ndb5 d6 7. Bg5 a6 8.
Bxf6 gxf6 9. Na3 b5 10. Nd5 Bg7 11. c3 f5 12. Bd3 Ne7 13. Nxe7 Qxe7 14. Qh5 f4
15. O-O O-O 16. Rad1 Be6 17. b3 Rad8 18. Rd2 Qc7 19. c4 Qc5 20. Nb1 bxc4 21.
Rc1 Qa5 22. Bxc4 Bxc4 23. Rxc4 d5 24. Ra4 Qc5 25. Qd1 d4 26. Rc2 Qb6 27. Qd3
Qb5 28. Rac4 a5 29. a4 Qa6 30. Na3 f5 31. Nb5 Qb7 32. f3 fxe4 33. fxe4 Qe7 34.
Rc7 Qh4 35. Rf2 Kh8 36. Qf3 Rc8 37. Rc4 Rcd8 38. Nc7 Rd6 39. Nd5 Rh6 40. h3 Rg6
41. Kh1 Rg3 42. Qe2 f3 43. gxf3 Rxh3+ 44. Rh2 d3 45. Qg2 Qe1+ 46. Qg1 d2 47.
Ne3 Qxe3 48. Qxe3 d1=Q+ 49. Kg2 Rhxf3 50. Rc1 Qd7 51. Qxf3 Rxf3 52. Kxf3 Qd3+
0-1

[Event "Copenhagen Ch"]
[Site "Copenhagen"]
[Date "2003.02.08"]
[Round "2"]
[White "Hansen, Flemming Haupt"]
[Black "Moller, Frederik Oest"]
[Result "1-0"]
[WhiteElo "2150"]
[BlackElo "1593"]
[PlyCount "47"]
[EventDate "2003.02.07"]
[EventType "swiss"]
[EventRounds "9"]
[EventCountry "DEN"]

1. d4 d5 2. c4 e6 3. Nc3 Nf6 4. Nf3 Bb4 5. Bg5 b6 6. Qa4+ Bd7 7. Qxb4 Nc6 8.
Qa3 h6 9. Bxf6 Qxf6 10. cxd5 Nxd4 11. Nxd4 Qxd4 12. e3 Qg4 13. Be2 Qxg2 14.
O-O-O Qxf2 15. dxe6 Qxe3+ 16. Kb1 fxe6 17. Bh5+ Kd8 18. Qa4 Kc8 19. Qxd7+ Kb8
20. Rhe1 Qf4 21. Rf1 Qxh2 22. Bf3 g5 23. Qd8+ Rxd8 24. Rxd8# 1-0

[Event "Copenhagen Ch"]
[Site "Copenhagen"]
[Date "2003.02.07"]
[Round "1"]
[White "Hansen, Flemming Haupt"]
[Black "Ohayv, Nikolaj"]
[Result "0-1"]
[WhiteElo "2150"]
[BlackElo "1704"]
[PlyCount "130"]
[EventDate "2003.02.07"]
[EventType "swiss"]
[EventRounds "9"]
[EventCountry "DEN"]

1. d4 d5 2. c4 e6 3. Nc3 c5 4. cxd5 exd5 5. Nf3 Nc6 6. e3 Nf6 7. a3 a6 8. Be2
b5 9. Ne5 Bb7 10. f4 c4 11. Bf3 Na5 12. O-O Nb3 13. Rb1 Rc8 14. Bd2 h5 15. Be1
h4 16. Qc2 h3 17. g4 Bd6 18. Qf5 Rc7 19. Qg5 Kf8 20. Rd1 Be7 21. Qf5 Bc8 22.
Qc2 Be6 23. f5 Bc8 24. g5 Ne4 25. Bxe4 dxe4 26. g6 Bg5 27. Qxe4 Bb7 28. d5 Re7
29. gxf7 Rh6 30. Rf3 Nc5 31. Qd4 Nb3 32. Qa7 Ba8 33. Qxe7+ Bxe7 34. Bg3 Nc5 35.
Ng6+ Kxf7 36. e4 Nd3 37. e5 Bxd5 38. e6+ Bxe6 39. Ne5+ Kg8 40. fxe6 Rxe6 41.
Ng4 Qd4+ 42. Nf2 Bc5 43. Kh1 Nxf2+ 44. Bxf2 Qg4 45. Rg3 Qf5 46. Bxc5 Qxc5 47.
Rd8+ Kh7 48. Rxh3+ Rh6 49. Rf3 Qe5 50. h3 Qe1+ 51. Kh2 Rg6 52. Rd1 Qe5+ 53. Kh1
Qg5 54. Rf2 Qh5 55. Rd5 Qh4 56. Rdd2 Qg3 57. Rf1 Rh6 58. Rff2 Rg6 59. Rf1 Rh6
60. Rff2 Rg6 61. Rf1 Qe3 62. Re2 Qd3 63. Rf4 Rh6 64. Ref2 Qxh3+ 65. Kg1 Qh1#
0-1

[Event "Copenhagen Ch"]
[Site "Copenhagen"]
[Date "2003.02.14"]
[Round "9"]
[White "Hansen, Flemming Haupt"]
[Black "Jakobsen, Ole"]
[Result "1/2-1/2"]
[WhiteElo "2150"]
[BlackElo "2377"]
[PlyCount "61"]
[EventDate "2003.02.07"]
[EventType "swiss"]
[EventRounds "9"]
[EventCountry "DEN"]

1. e4 c5 2. Nf3 e6 3. d4 cxd4 4. Nxd4 Nc6 5. Nc3 Qc7 6. Be3 a6 7. Qd2 Nf6 8. f3
Ne5 9. O-O-O b5 10. g4 h6 11. Rg1 g5 12. h4 gxh4 13. g5 hxg5 14. Bxg5 Be7 15.
Qf4 Bb7 16. Kb1 Nh5 17. Qxh4 f6 18. Bc1 O-O-O 19. f4 Nc6 20. Nb3 f5 21. Qf2
fxe4 22. Be3 Rdf8 23. Rg4 Ne5 24. Rg1 Nc4 25. Bxc4 bxc4 26. Nc5 Bxc5 27. Bxc5
Rxf4 28. Qd4 e5 29. Qxc4 Nf6 30. b4 Rd8 31. Rg7 1/2-1/2

[Event "Copenhagen Ch"]
[Site "Copenhagen"]
[Date "2003.02.12"]
[Round "7"]
[White "Hansen, Flemming Haupt"]
[Black "Hansen, Lars Henrik Bech"]
[Result "1-0"]
[WhiteElo "2150"]
[BlackElo "2087"]
[PlyCount "65"]
[EventDate "2003.02.07"]
[EventType "swiss"]
[EventRounds "9"]
[EventCountry "DEN"]

1. e4 d6 2. d4 Nf6 3. Nc3 g6 4. Be2 Bg7 5. Be3 c6 6. g4 Qa5 7. f3 b5 8. Qd2 Ba6
9. a3 O-O 10. b4 Qd8 11. g5 Nfd7 12. f4 Bb7 13. Nf3 a5 14. Rb1 axb4 15. axb4
Nb6 16. O-O N8d7 17. Nd1 Ra2 18. Nc3 Ra3 19. Bd3 Qa8 20. Qe1 Na4 21. Nxa4 Qxa4
22. Qe2 Nb6 23. Nd2 d5 24. f5 dxe4 25. Nxe4 Rd8 26. fxg6 hxg6 27. Nc5 Qa8 28.
Rxf7 Kxf7 29. Rf1+ Kg8 30. Bxg6 Rxe3 31. Qh5 Rg3+ 32. hxg3 Bxd4+ 33. Kh1 1-0

[Event "Copenhagen Ch"]
[Site "Copenhagen"]
[Date "2003.02.13"]
[Round "8"]
[White "Hansen, Lars Henrik Bech"]
[Black "Nilsson, Nils Specht"]
[Result "1-0"]
[WhiteElo "2087"]
[BlackElo "2183"]
[PlyCount "65"]
[EventDate "2003.02.07"]
[EventType "swiss"]
[EventRounds "9"]
[EventCountry "DEN"]

1. e4 d6 2. d4 g6 3. Be3 Bg7 4. Qd2 c5 5. Nc3 cxd4 6. Bxd4 Nf6 7. Nf3 O-O 8. h3
Nc6 9. Be3 a6 10. Bh6 b5 11. Bxg7 Kxg7 12. Bd3 h6 13. g4 Nh7 14. Nd5 f6 15. Ne3
Qa5 16. c3 b4 17. h4 bxc3 18. bxc3 Ne5 19. Nxe5 fxe5 20. Rg1 Be6 21. Nf5+ gxf5
22. gxf5+ Kh8 23. fxe6 Rg8 24. Ke2 Rxg1 25. Rxg1 Rg8 26. Rxg8+ Kxg8 27. Qxh6
Qxa2+ 28. Ke3 Nf8 29. Qg5+ Kh8 30. Qh5+ Nh7 31. Qe8+ Kg7 32. Qxe7+ Kh6 33. Qxd6
1-0